| 000 | 00000cas 2200000za 4500 |
| 001 | 9.504056 |
| 003 | CaOODSP |
| 005 | 20260105083246 |
| 007 | cr ||||||||||| |
| 008 | 150406d20032004oncar p o||||f| |0fre|d |
| 040 | |aCaOODSP|bfre |
| 043 | |an-cn--- |
| 086 | 1 |aM38F-PDF |
| 110 | 2 |aCentre canadien de la technologie des minéraux et de l'énergie. |
| 245 | 10|aRapport annuel |h[ressource électronique] / |cLaboratoires des mines et des sciences minérales de CANMET. |
| 260 | |aOttawa : |bRessources naturelles Canada |
| 310 | |aAnnuel |
| 362 | 1 |aParaît depuis 2003; ne paraît plus après la livr. de 2004. |
| 500 | |aComprends « Publications des Laboratoires des mines et des sciences minérales de CANMET ». |
| 691 | 07|aIndustrie minière|2gcpds |
| 691 | 07|aLaboratoire|2gcpds |
| 691 | 07|aTechnologie minière|2gcpds |
| 691 | 07|aRecherche scientifique|2gcpds |
| 775 | 08|tAnnual report |w(CaOODSP)9.507672 |
| 785 | 00|tRevue annuelle |w(CaOODSP)9.504057 |